[Event "II Weekend della Cipressina A"]
[Site "Venezia ITA"]
[Date "2013.12.01"]
[Round "5"]
[White "Roberti, Ignazio"]
[Black "Militello, Michele"]
[WhiteElo "1872"]
[BlackElo "1796"]
[Result "0-1"]
[PlyCount "158"]
[EventDate "2013.11.29"]

1. Nf3 Nf6 2. b3 d6 3. Bb2 Nbd7 4. e3 e5 5. d4 e4 6. Nfd2 d5 7. c4 c6 8. Nc3
Be7 9. Be2 O-O 10. Qc2 a6 11. a4 Nb8 12. a5 Be6 13. c5 Ne8 14. Nf1 f5 15. Ng3
f4 16. Nh5 fxe3 17. fxe3 Bg5 18. Qd2 g6 19. Nf4 Bxf4 20. exf4 Ng7 21. b4 Nd7
22. O-O-O Qc7 23. g3 Rae8 24. Kb1 Re7 25. Ka1 Rfe8 26. Rde1 Nf6 27. Nd1 Bg4 28.
Ne3 Bxe2 29. Rxe2 Qd7 30. h3 Nf5 31. Qe1 Nxe3 32. Rxe3 Nh5 33. Qf2 Ng7 34. g4
Rf7 35. Bc1 Ne6 36. Re2 Ng5 37. Be3 Nf3 38. Qg3 Qe7 39. h4 Qf6 40. g5 Qf5 41.
h5 Ree7 42. Qh3 Qxh3 43. Rxh3 Rg7 44. Rc2 Rd7 45. Rc1 Kf7 46. hxg6+ hxg6 47.
Rh8 Ke6 48. Rf8 Rdf7 49. Rxf7 Kxf7 50. Rh1 Ke6 51. Rh8 Kf5 52. Rf8+ Kg4 53. Rf6
Ne1 54. Kb2 Nd3+ 55. Kc3 Kf3 56. Bd2 Ke2 57. Re6 Nxb4 58. Re8 Nd3 59. Re6 Kf3
60. Rf6 Ke2 61. Kc2 Ne1+ 62. Kc3 Nf3 63. Bc1 Nh4 64. Re6 Nf5 65. Rf6 Kd1 66.
Bb2 e3 67. Kd3 e2 68. Bc3 e1=Q 69. Bxe1 Kxe1 70. Rf8 Kf2 71. Rh8 Kg3 72. Rh1
Kxf4 73. Rg1 Re7 74. Rg2 Re3+ 75. Kd2 Ra3 76. Rg1 Rxa5 77. Kc3 Rb5 78. Rg2 Ne3
79. Rg1 Ng4 {...} 0-1

[Event "II Weekend della Cipressina A"]
[Site "Venezia ITA"]
[Date "2013.12.01"]
[Round "5"]
[White "Santagati, Marco"]
[Black "Stradiotto, Angelo"]
[WhiteElo "1792"]
[BlackElo "1751"]
[Result "0-1"]
[PlyCount "52"]
[EventDate "2013.11.29"]

1. d4 Nf6 2. Nc3 d5 3. Bg5 c6 4. f3 Qb6 5. Rb1 h6 6. Bxf6 exf6 7. e4 Be7 8.
exd5 cxd5 9. Nxd5 Qe6+ 10. Ne2 Qxd5 11. Nc3 Qa5 12. a3 Bd7 13. Bd3 O-O 14. O-O
Nc6 15. Ne2 Bd6 16. f4 Rfe8 17. d5 Ne7 18. c4 Nf5 19. Qc1 Qc5+ 20. Kh1 Qe3 21.
Qc2 Nh4 22. b4 g5 23. Rb3 Kf8 24. c5 Bb8 25. Bc4 Qe4 26. Qc3 Qxg2# 0-1

[Event "II Weekend della Cipressina A"]
[Site "Venezia ITA"]
[Date "2013.12.01"]
[Round "5"]
[White "Velluti, Alberto"]
[Black "Negro, Roberto"]
[WhiteElo "1945"]
[BlackElo "2172"]
[Result "1/2-1/2"]
[PlyCount "107"]
[EventDate "2013.11.29"]

1. e4 g6 2. d4 Bg7 3. Bc4 c6 4. Bb3 d5 5. e5 Nh6 6. Ne2 f6 7. exf6 exf6 8. c3
O-O 9. O-O Be6 10. Re1 Bf7 11. Nd2 Nd7 12. Nf3 Re8 13. Ng3 Nf8 14. Rxe8 Qxe8
15. Bd2 Kh8 16. Qf1 a5 17. Re1 Qd8 18. Qe2 Ng8 19. Bc2 Nd7 20. Qd3 Nf8 21. h3
Qd7 22. Bc1 a4 23. a3 b5 24. Bb1 Be6 25. Be3 Nh6 26. Qd2 Nf7 27. Bd3 Nd6 28.
Bh6 Nf7 29. Be3 Re8 30. Qc1 Kg8 31. Bb1 Nd6 32. Bh6 Nf5 33. Re2 Bf7 34. Bxg7
Kxg7 35. Nd2 Rxe2 36. Nxe2 Nd6 37. Ng3 g5 38. Nf3 Bg6 39. Ne1 Qe6 40. Nd3 Nd7
41. Nb4 Nc4 42. Bd3 c5 43. Bxg6 hxg6 44. Nc2 Qd6 45. Nf1 Qf4 46. Qe1 Kf7 47.
Nfe3 Nxb2 48. dxc5 Nd3 49. Qe2 N7xc5 50. Nxd5 Qe4 51. Qxe4 Nxe4 52. Nd4 Nc1 53.
Nc7 Nxc3 54. Ncxb5 1/2-1/2

[Event "II Weekend della Cipressina A"]
[Site "Venezia ITA"]
[Date "2013.12.01"]
[Round "5"]
[White "Viviani, Bruno"]
[Black "Esposito, Ivan"]
[WhiteElo "1733"]
[BlackElo "1843"]
[Result "1/2-1/2"]
[PlyCount "109"]
[EventDate "2013.11.29"]

1. d4 g6 2. Nc3 d5 3. e4 dxe4 4. Nxe4 Bg7 5. Be3 Nf6 6. Nxf6+ Bxf6 7. Nf3 O-O
8. Qd2 Nc6 9. c3 e5 10. d5 Ne7 11. O-O-O Nf5 12. Bg5 Bxg5 13. Nxg5 Nd6 14. h4
h5 15. Be2 Kg7 16. Qd3 Bf5 17. Qg3 Kh6 18. Rhe1 Qf6 19. Qe3 Kg7 20. Bd3 Rae8
21. Qg3 Bxd3 22. Rxd3 e4 23. Rdd1 Re7 24. f3 e3 25. Re2 Rfe8 26. Rde1 Qf5 27.
Ne4 Nxe4 28. fxe4 Rxe4 29. Rxe3 Qxd5 30. Rxe4 Rxe4 31. Rxe4 Qxe4 32. Qxc7 Qxg2
33. Qe5+ Kh7 34. Qf6 Qh1+ 35. Kd2 Qd5+ 36. Kc2 Qf5+ 37. Qxf5 gxf5 38. Kd3 Kg6
39. Ke3 Kf6 40. Kf4 b5 41. b3 a5 42. c4 bxc4 43. bxc4 a4 44. c5 Ke6 45. c6 Kd6
46. Kxf5 Kxc6 47. Kg5 Kd5 48. Kxh5 f5 49. Kg5 Ke4 50. h5 f4 51. h6 f3 52. h7 f2
53. h8=Q f1=Q 54. Qe8+ Kd5 55. Qd7+ 1/2-1/2

[Event "II Weekend della Cipressina A"]
[Site "Venezia ITA"]
[Date "2013.12.01"]
[Round "5"]
[White "Xia, Jie"]
[Black "Solomon, Kenny"]
[WhiteElo "2284"]
[BlackElo "2361"]
[Result "1/2-1/2"]
[PlyCount "85"]
[EventDate "2013.11.29"]

1. d4 Nf6 2. Bg5 d5 3. Nf3 Nbd7 4. Nbd2 g6 5. e3 Bg7 6. c4 c5 7. cxd5 Nxd5 8.
Qb3 N5f6 9. Bc4 O-O 10. Ne5 Nxe5 11. dxe5 Ne8 12. f4 Nc7 13. a4 Qe8 14. O-O b6
15. Ne4 Be6 16. Nc3 Kh8 17. Bh4 Bxc4 18. Qxc4 f6 19. Qe4 fxe5 20. fxe5 Qd7 21.
Bg3 Qe6 22. Rxf8+ Rxf8 23. Rd1 a6 24. h3 g5 25. Qg4 Qxg4 26. hxg4 Rc8 27. Rd7
Bf8 28. Ne4 Ne6 29. Rb7 Rc6 30. Kf1 Kg8 31. Ke2 h6 32. Kf3 c4 33. Be1 Nc7 34.
Bc3 Bg7 35. Bd4 b5 36. axb5 axb5 37. Nc3 Kf7 38. Ke4 b4 39. Rxb4 e6 40. Rb7 Kg6
41. Bb6 Na6 42. Na4 Bf8 43. Bd4 {...} 1/2-1/2

[Event "II Weekend della Cipressina A"]
[Site "Venezia ITA"]
[Date "2013.12.01"]
[Round "5"]
[White "Zamengo, Bruno"]
[Black "Alfier, Cecilia"]
[WhiteElo "1941"]
[BlackElo "1693"]
[Result "1-0"]
[PlyCount "67"]
[EventDate "2013.11.29"]

1. e4 c5 2. Nf3 d6 3. d4 cxd4 4. Nxd4 Nf6 5. Nc3 a6 6. Bg5 e6 7. f4 Be7 8. Qf3
Qc7 9. O-O-O Nc6 10. Nxc6 Qxc6 11. Bd3 Qc7 12. Rhe1 b5 13. e5 Bb7 14. Qg3 Nd5
15. Bxe7 Qxe7 16. Nxd5 Bxd5 17. Bxb5+ axb5 18. Rxd5 Rxa2 19. Rxd6 Qa7 20. f5
Ra1+ 21. Kd2 Rxe1 22. Kxe1 exf5 23. Qxg7 Qe3+ 24. Kd1 Qg1+ 25. Kd2 Qf2+ 26. Kc1
Qe3+ 27. Rd2 Rf8 28. Qf6 Qe1+ 29. Rd1 Qa5 30. Kb1 Qc7 31. Qxf5 Ke7 32. Qf6+ Ke8
33. e6 fxe6 34. Qxe6+ 1-0

[Event "VII Weekend Dicembrino"]
[Site "Vimercate ITA"]
[Date "2013.11.22"]
[Round "1"]
[White "Ferrari, Paolo"]
[Black "Salvador, Roland"]
[WhiteElo "1659"]
[BlackElo "2458"]
[Result "0-1"]
[PlyCount "40"]
[EventDate "2013.11.22"]

1. d4 Nf6 2. c4 e6 3. Nc3 Bb4 4. Qc2 Nc6 5. Nf3 O-O 6. Bg5 h6 7. Bh4 Re8 8. e4
g5 9. Bg3 g4 10. Ne5 Nxd4 11. Qd1 d6 12. Nxg4 Nxg4 13. Qxg4+ Qg5 14. Qxg5+ hxg5
15. Rc1 e5 16. a3 Nb3 17. Rc2 Ba5 18. Be2 Be6 19. O-O Nd4 20. Rcc1 Bxc3 0-1

[Event "VII Weekend Dicembrino"]
[Site "Vimercate ITA"]
[Date "2013.11.22"]
[Round "1"]
[White "Fornari, Sergio"]
[Black "Passoni, Carlo"]
[WhiteElo "1624"]
[BlackElo "2229"]
[Result "0-1"]
[PlyCount "40"]
[EventDate "2013.11.22"]

1. d4 Nf6 2. Nf3 g6 3. Bg5 Ne4 4. Nbd2 Nxg5 5. Nxg5 Bg7 6. c3 d5 7. e4 e5 8.
Ngf3 exd4 9. Nxd4 dxe4 10. Nxe4 Qe7 11. Qe2 O-O 12. g3 Re8 13. Nd2 Qd8 14. Ne4
c5 15. Nb5 Bf5 16. Bg2 Bxe4 17. Rd1 Bd3 18. Rxd3 Rxe2+ 19. Kxe2 Qe8+ 20. Kd1
Qxb5 0-1

[Event "VII Weekend Dicembrino"]
[Site "Vimercate ITA"]
[Date "2013.11.22"]
[Round "1"]
[White "Naumkin, Igor"]
[Black "Orsucci, Marzio"]
[WhiteElo "2460"]
[BlackElo "1661"]
[Result "1-0"]
[PlyCount "67"]
[EventDate "2013.11.22"]

1. d4 d5 2. c4 e6 3. Nc3 Nf6 4. cxd5 exd5 5. Bg5 Nbd7 6. e3 Be7 7. Nf3 O-O 8.
Bd3 h6 9. Bf4 c6 10. h3 Re8 11. Qc2 Nf8 12. Ne5 Be6 13. O-O Bd6 14. a3 Nh5 15.
Bh2 Re7 16. f4 Nf6 17. g4 Bxe5 18. dxe5 Nxg4 19. hxg4 Bxg4 20. Qg2 h5 21. Be2
Bxe2 22. Nxe2 Qb6 23. Nd4 g6 24. f5 c5 25. fxg6 fxg6 26. Nf5 Re6 27. Nh6+ Kh8
28. Nf7+ Kg8 29. Ng5 Re7 30. Qxd5+ Ne6 31. Rf6 Qxb2 32. Raf1 Rd8 33. Rxg6+ Kh8
34. Qxd8+ 1-0

[Event "VII Weekend Dicembrino"]
[Site "Vimercate ITA"]
[Date "2013.11.22"]
[Round "1"]
[White "Solomon, Kenny"]
[Black "Pirrello, Christian"]
[WhiteElo "2361"]
[BlackElo "1638"]
[Result "1-0"]
[PlyCount "37"]
[EventDate "2013.11.22"]

1. Nf3 Nf6 2. c4 g6 3. Nc3 Bg7 4. e4 d6 5. d4 O-O 6. h3 e5 7. d5 a5 8. Be3 Na6
9. g4 b6 10. Rg1 Nc5 11. Nd2 Bd7 12. Be2 Ne8 13. Nf1 f5 14. gxf5 gxf5 15. Bg5
Nf6 16. Ng3 f4 17. Nh5 Qe7 18. Bxf6 Rxf6 19. Rxg7+ 1-0

[Event "VII Weekend Dicembrino"]
[Site "Vimercate ITA"]
[Date "2013.11.23"]
[Round "2"]
[White "Battistini, Ercole"]
[Black "Solomon, Kenny"]
[WhiteElo "1810"]
[BlackElo "2361"]
[Result "0-1"]
[PlyCount "62"]
[EventDate "2013.11.22"]

1. d4 Nf6 2. c4 e6 3. Nc3 Bb4 4. e3 O-O 5. Nge2 d5 6. a3 Be7 7. cxd5 Nxd5 8.
Nxd5 exd5 9. Nc3 c6 10. Bd3 f5 11. O-O Nd7 12. b4 a5 13. b5 Nf6 14. Na4 Bd6 15.
h3 Ne4 16. Qc2 cxb5 17. Bxb5 Be6 18. Qe2 Rc8 19. Bd2 Bb8 20. Rfc1 Rxc1+ 21.
Rxc1 Qd6 22. g3 Qxa3 23. Rc2 Qd6 24. Nc5 Nxc5 25. Rxc5 Ba7 26. Rc2 Bb6 27. Qd3
f4 28. Kg2 f3+ 29. Kh2 Bxh3 30. e4 Qg6 31. exd5 Bf5 0-1

[Event "VII Weekend Dicembrino"]
[Site "Vimercate ITA"]
[Date "2013.11.23"]
[Round "2"]
[White "Passoni, Carlo"]
[Black "Mandaglio, Stefano"]
[WhiteElo "2229"]
[BlackElo "1802"]
[Result "0-1"]
[PlyCount "86"]
[EventDate "2013.11.22"]

1. e4 d5 2. exd5 Qxd5 3. Nc3 Qd6 4. d4 Nf6 5. Nf3 Bg4 6. Be2 e6 7. O-O Be7 8.
Bg5 O-O 9. Nb5 Qb6 10. a4 a5 11. Ne5 Bxe2 12. Qxe2 c6 13. Nc4 Qd8 14. Nc3 Qxd4
15. Rfd1 Qc5 16. Be3 Qf5 17. Nb6 Ra6 18. Rd3 Bc5 19. Nc4 Bxe3 20. Rxe3 Nbd7 21.
Nd6 Qf4 22. Rd1 Nd5 23. Nxd5 exd5 24. Nxb7 Ra7 25. Rb3 Qc7 26. Qg4 Rxb7 27. Rg3
g6 28. h4 Nf6 29. Qd4 Qd6 30. c4 c5 31. Qd3 d4 32. Rg5 Rxb2 33. Qf3 h5 34. g3
Re8 35. Qd3 Ng4 36. Rf1 Ree2 37. Rd5 Qe7 38. Rg5 Kg7 39. Rxg4 hxg4 40. h5 Rbd2
41. Qb1 Qf6 42. Qb8 Rxf2 43. h6+ Kh7 0-1

[Event "VII Weekend Dicembrino"]
[Site "Vimercate ITA"]
[Date "2013.11.23"]
[Round "2"]
[White "Salvador, Roland"]
[Black "Paniga, Danilo"]
[WhiteElo "2458"]
[BlackElo "1820"]
[Result "1-0"]
[PlyCount "81"]
[EventDate "2013.11.22"]

1. c4 f5 2. g3 Nf6 3. Bg2 g6 4. b4 Bg7 5. Bb2 d6 6. d4 O-O 7. Nh3 Qe8 8. d5 a5
9. a3 axb4 10. axb4 Rxa1 11. Bxa1 Na6 12. Qb3 h6 13. Nf4 Ng4 14. Bxg7 Kxg7 15.
h3 Ne5 16. Ne6+ Bxe6 17. dxe6 g5 18. Bxb7 Nb8 19. Nc3 c6 20. b5 f4 21. Qa4 f3
22. bxc6 Nbxc6 23. Bxc6 Qxc6 24. Qxc6 Nxc6 25. exf3 Rf6 26. O-O Rxe6 27. Kg2
Na5 28. c5 dxc5 29. Rb1 c4 30. Rb5 Nb3 31. Rb7 Kf7 32. Rc7 Nd2 33. Nd5 Re1 34.
Ne3 Kf6 35. Rd7 Re2 36. Nd5+ Kf7 37. Nc3 Ke8 38. Rd4 Nb3 39. Nxe2 Nxd4 40. Nxd4
c3 41. Kf1 1-0

[Event "VII Weekend Dicembrino"]
[Site "Vimercate ITA"]
[Date "2013.11.23"]
[Round "2"]
[White "Tahiraj, Almir"]
[Black "Naumkin, Igor"]
[WhiteElo "1825"]
[BlackElo "2460"]
[Result "0-1"]
[PlyCount "76"]
[EventDate "2013.11.22"]

1. f4 d5 2. Nf3 g6 3. d4 Nf6 4. e3 Bg7 5. Bd3 O-O 6. O-O c5 7. c3 b6 8. Qe2 Bb7
9. Nbd2 Nbd7 10. Ne5 Ne4 11. Ndf3 Ndf6 12. Ba6 Bxa6 13. Qxa6 Qc7 14. Qe2 Nd6
15. Bd2 Nfe4 16. Be1 a5 17. Rd1 e6 18. Nd3 b5 19. Nf2 Nxf2 20. Bxf2 c4 21. Nd2
Qb7 22. Rfe1 f5 23. g4 b4 24. Rb1 Rab8 25. g5 Qd7 26. Qd1 Rb6 27. Qc2 Rfb8 28.
a3 bxa3 29. bxa3 Bf8 30. Rxb6 Rxb6 31. Rb1 Rxb1+ 32. Nxb1 a4 33. Be1 Qb5 34.
Bd2 Qb3 35. Qxb3 cxb3 36. Kf2 Nc4 37. Ke2 Bxa3 38. Kd3 Bd6 0-1

[Event "VII Weekend Dicembrino"]
[Site "Vimercate ITA"]
[Date "2013.11.23"]
[Round "3"]
[White "Biancotti, Alessandro"]
[Black "Salvador, Roland"]
[WhiteElo "1869"]
[BlackElo "2458"]
[Result "0-1"]
[PlyCount "52"]
[EventDate "2013.11.22"]

1. e4 c6 2. d4 d5 3. exd5 cxd5 4. c4 Nf6 5. Nc3 Nc6 6. cxd5 Nxd5 7. Nf3 e6 8.
Be2 Be7 9. O-O O-O 10. Re1 b6 11. Qa4 Bb7 12. Bc4 Nxc3 13. bxc3 Na5 14. Be2 Rc8
15. Bd2 Qd5 16. Rac1 Nc4 17. Qb3 Nxd2 18. Qxd5 Bxd5 19. Nxd2 Bg5 20. Red1 Rc7
21. g3 Bxd2 22. Rxd2 Rfc8 23. Rdc2 Be4 24. Ba6 Bxc2 25. Bxc8 Bd3 26. Rd1 Bc4
0-1

[Event "VII Weekend Dicembrino"]
[Site "Vimercate ITA"]
[Date "2013.11.23"]
[Round "3"]
[White "Moroni, Luca Jr"]
[Black "Biava, Pierluigi"]
[WhiteElo "2219"]
[BlackElo "1673"]
[Result "1-0"]
[PlyCount "67"]
[EventDate "2013.11.22"]

1. Nf3 Nf6 2. c4 e6 3. g3 b6 4. Bg2 Bb7 5. Nc3 c5 6. O-O Be7 7. Re1 O-O 8. e4
d6 9. d4 Nbd7 10. b3 a6 11. Bb2 Qc7 12. Rc1 Rad8 13. a4 Rfe8 14. Qc2 h6 15. d5
e5 16. Rf1 Nh7 17. Ne1 g5 18. Nd3 Ndf8 19. Ne2 Ng6 20. Rce1 Bc8 21. f4 f6 22.
Nc3 Bd7 23. Qe2 Kg7 24. Nd1 b5 25. axb5 axb5 26. Ne3 bxc4 27. bxc4 Bf8 28. Ra1
Ra8 29. Nf5+ Bxf5 30. Rxa8 Rxa8 31. exf5 Ne7 32. fxe5 Ra4 33. exf6+ Nxf6 34.
Bxf6+ 1-0

[Event "VII Weekend Dicembrino"]
[Site "Vimercate ITA"]
[Date "2013.11.23"]
[Round "3"]
[White "Naumkin, Igor"]
[Black "Mouflih, Caesar Faycal"]
[WhiteElo "2460"]
[BlackElo "2024"]
[Result "1-0"]
[PlyCount "65"]
[EventDate "2013.11.22"]

1. d4 d6 2. Nf3 g6 3. e4 Nf6 4. Nc3 Bg7 5. Be2 c6 6. O-O O-O 7. a4 a5 8. Re1
Na6 9. h3 Nb4 10. Bf1 e5 11. Bg5 exd4 12. Nxd4 Qb6 13. Qd2 Nd7 14. Be3 Nc5 15.
Rad1 Qc7 16. Bh6 Bxh6 17. Qxh6 Ne6 18. Nce2 Qe7 19. Qd2 Na6 20. Nxe6 Bxe6 21.
Ng3 Nc5 22. b3 Rfd8 23. Qc3 Qg5 24. e5 h5 25. exd6 h4 26. Ne4 Nxe4 27. Rxe4 Bf5
28. Re3 Rd7 29. Bc4 Qh5 30. Rde1 Rf8 31. Re8 Rxd6 32. Bxf7+ Kxf7 33. R1e7+ 1-0

[Event "VII Weekend Dicembrino"]
[Site "Vimercate ITA"]
[Date "2013.11.23"]
[Round "3"]
[White "Solomon, Kenny"]
[Black "Caldi, Irene"]
[WhiteElo "2361"]
[BlackElo "1710"]
[Result "1-0"]
[PlyCount "59"]
[EventDate "2013.11.22"]

1. d4 d5 2. Nf3 Nf6 3. c4 e6 4. Nc3 Nbd7 5. Bf4 Be7 6. e3 O-O 7. cxd5 Nxd5 8.
Bd3 a6 9. Nxd5 exd5 10. Qc2 Bb4+ 11. Ke2 Nf6 12. Qxc7 Qxc7 13. Bxc7 Bd7 14. Ne5
Rac8 15. Nxd7 Nxd7 16. Bg3 Rc6 17. Bf5 Nf6 18. Rac1 Rxc1 19. Rxc1 Ba5 20. f3
Re8 21. Bc8 Nh5 22. Bd6 Rd8 23. Be5 f6 24. Be6+ Kf8 25. Bc7 Bxc7 26. Rxc7 Re8
27. Rf7+ Kg8 28. Re7+ Kf8 29. Rxe8+ Kxe8 30. g4 1-0

[Event "VII Weekend Dicembrino"]
[Site "Vimercate ITA"]
[Date "2013.11.23"]
[Round "4"]
[White "Ceka, Shpetim"]
[Black "Moroni, Luca Jr"]
[WhiteElo "1882"]
[BlackElo "2219"]
[Result "0-1"]
[PlyCount "50"]
[EventDate "2013.11.22"]

1. e4 c5 2. f4 Nc6 3. Nf3 d6 4. Bc4 e6 5. Nc3 Nge7 6. O-O g6 7. Ng5 h6 8. Nxf7
Kxf7 9. f5 Ne5 10. fxe6+ Kg8 11. Bd5 Bg7 12. d3 Kh7 13. Be3 N7c6 14. Nb5 a6 15.
Na3 Qe7 16. c3 Bxe6 17. Qb3 Bxd5 18. Qxd5 Rhf8 19. d4 cxd4 20. cxd4 Ng4 21. Nc4
Nxe3 22. Nxe3 Bxd4 23. Rae1 Rxf1+ 24. Kxf1 Rf8+ 25. Kg1 Qf6 0-1

[Event "VII Weekend Dicembrino"]
[Site "Vimercate ITA"]
[Date "2013.11.23"]
[Round "4"]
[White "Krsnik Cohar, Ivan Vihor"]
[Black "Naumkin, Igor"]
[WhiteElo "2099"]
[BlackElo "2460"]
[Result "0-1"]
[PlyCount "114"]
[EventDate "2013.11.22"]

1. d4 e6 2. Nf3 f5 3. Bg5 Be7 4. Bxe7 Qxe7 5. Nbd2 Nf6 6. e3 O-O 7. Bc4 b6 8.
Qe2 Bb7 9. O-O c5 10. c3 a6 11. Ne1 b5 12. Bd3 Nc6 13. a4 b4 14. Nb3 d6 15. Nc2
bxc3 16. bxc3 Nd5 17. Qd2 Kh8 18. f4 g5 19. fxg5 Qxg5 20. e4 Qxd2 21. Nxd2 Nxc3
22. dxc5 Ne5 23. Ra3 Nxd3 24. Rxc3 Nxc5 25. exf5 Rxf5 26. Rxf5 exf5 27. Ne3 f4
28. Nf5 Rg8 29. g3 fxg3 30. hxg3 Nxa4 31. Ra3 Nc5 32. Nxd6 Rg6 33. Nxb7 Nxb7
34. Ne4 Rb6 35. Kf2 Kg7 36. Ke3 Nd6 37. Nxd6 Rxd6 38. Ra5 h6 39. g4 Rg6 40. Kf4
Kf7 41. Rh5 Ke7 42. Kf5 Rb6 43. Ke4 Re6+ 44. Kf4 Kd7 45. g5 hxg5+ 46. Rxg5 Kc6
47. Rg8 a5 48. Kf5 Re7 49. Rc8+ Kb5 50. Kf4 a4 51. Rb8+ Kc4 52. Ra8 Kb3 53.
Rb8+ Ka2 54. Kf3 Re1 55. Kf2 Rb1 56. Ra8 a3 57. Ke2 Rb3 0-1

[Event "VII Weekend Dicembrino"]
[Site "Vimercate ITA"]
[Date "2013.11.23"]
[Round "4"]
[White "Pozzi, Luca"]
[Black "Acunzo, Domenico"]
[WhiteElo "1696"]
[BlackElo "1734"]
[Result "1-0"]
[PlyCount "75"]
[EventDate "2013.11.22"]

1. e4 e6 2. d4 d5 3. exd5 exd5 4. Nf3 Nf6 5. Bd3 c5 6. dxc5 Bxc5 7. O-O O-O 8.
Bg5 Nc6 9. a3 Qd6 10. Bh4 Bg4 11. b4 Bb6 12. c4 Bc7 13. Bg3 Qd7 14. Bxc7 Qxc7
15. cxd5 Ne5 16. d6 Qc6 17. Nxe5 Bxd1 18. Nxc6 bxc6 19. Rxd1 Rfd8 20. Nc3 Ne8
21. d7 Nf6 22. Bf5 g6 23. Bh3 h5 24. Rd6 Nh7 25. g3 a5 26. bxa5 Rxa5 27. Rxc6
Nf8 28. Rc8 Ra8 29. Rxd8 Rxd8 30. Rd1 f5 31. Nd5 Kf7 32. Nb6 Ke7 33. Bg2 Nxd7
34. Rxd7+ Rxd7 35. Nxd7 Kxd7 36. a4 Kc7 37. Kf1 Kb6 38. h4 1-0

[Event "VII Weekend Dicembrino"]
[Site "Vimercate ITA"]
[Date "2013.11.23"]
[Round "4"]
[White "Salvador, Roland"]
[Black "Solomon, Kenny"]
[WhiteElo "2458"]
[BlackElo "2361"]
[Result "1-0"]
[PlyCount "77"]
[EventDate "2013.11.22"]

1. c4 Nf6 2. g3 e6 3. Bg2 c5 4. Nf3 Nc6 5. O-O Be7 6. Nc3 O-O 7. d4 cxd4 8.
Nxd4 a6 9. b3 Qc7 10. Bb2 Nxd4 11. Qxd4 Rb8 12. Rac1 b6 13. e4 d6 14. Rfd1 Bb7
15. h3 Rfd8 16. Rd2 Ba8 17. a4 Bf8 18. Ba3 Rbc8 19. Rcd1 Be7 20. Qe3 e5 21. Rd3
h6 22. f4 exf4 23. gxf4 Ne8 24. R1d2 g5 25. Ne2 Ng7 26. h4 gxh4 27. Bh3 Rb8 28.
Nd4 Qb7 29. Nf5 Nxf5 30. Bxf5 Bf6 31. Rg2+ Kh8 32. Qf3 Rg8 33. Qh5 Rxg2+ 34.
Kxg2 Rg8+ 35. Kh2 Kg7 36. Rxd6 Rd8 37. Rxf6 Rd2+ 38. Kh3 Rd3+ 39. Kxh4 1-0

[Event "VII Weekend Dicembrino"]
[Site "Vimercate ITA"]
[Date "2013.11.23"]
[Round "5"]
[White "Moroni, Luca Jr"]
[Black "Salvador, Roland"]
[WhiteElo "2219"]
[BlackElo "2458"]
[Result "1/2-1/2"]
[PlyCount "26"]
[EventDate "2013.11.22"]

1. Nf3 Nf6 2. c4 e6 3. g3 d5 4. Bg2 dxc4 5. Qa4+ Nbd7 6. Qxc4 a6 7. Qc2 c5 8.
Nc3 Be7 9. O-O O-O 10. Rd1 Qc7 11. d4 cxd4 12. Nxd4 Nb6 13. Bg5 Bd7 1/2-1/2

[Event "VII Weekend Dicembrino"]
[Site "Vimercate ITA"]
[Date "2013.11.23"]
[Round "5"]
[White "Paniga, Danilo"]
[Black "Passoni, Carlo"]
[WhiteElo "1820"]
[BlackElo "2229"]
[Result "1-0"]
[PlyCount "105"]
[EventDate "2013.11.22"]

1. d4 Nf6 2. Nf3 g6 3. Nbd2 Bg7 4. e4 d6 5. Bd3 Nbd7 6. O-O e5 7. dxe5 dxe5 8.
b4 O-O 9. Re1 Re8 10. Bf1 a5 11. b5 Nc5 12. Bb2 Na4 13. Ba3 Nc3 14. Qc1 Bh6 15.
Bb2 Nfxe4 16. Bd3 Nxd2 17. Nxd2 Na4 18. Bxe5 Bh3 19. gxh3 Qg5+ 20. Bg3 Qxd2 21.
Rxe8+ Rxe8 22. Qxd2 Bxd2 23. Bxc7 Nb2 24. Bf1 Bc3 25. Rb1 Re6 26. Bxa5 Bxa5 27.
Rxb2 b6 28. c4 Re5 29. Re2 Rg5+ 30. Bg2 Kf8 31. Kf1 Bb4 32. Bc6 Bc5 33. Rc2 Rf5
34. Kg2 Rf4 35. Bd5 Ke7 36. Re2+ Kd6 37. f3 Rf5 38. h4 h5 39. Kg3 Bd4 40. Re4
Bc5 41. Re8 Kd7 42. Ra8 Kd6 43. Re8 Bb4 44. Re2 Bc3 45. Re4 Ba5 46. Kf2 Kc5 47.
Re7 f6 48. Re4 Bc3 49. Be6 Bd4+ 50. Ke2 Re5 51. Kd3 Bf2 52. Rxe5+ fxe5 53. Bf7
1-0

[Event "VII Weekend Dicembrino"]
[Site "Vimercate ITA"]
[Date "2013.11.23"]
[Round "5"]
[White "Solomon, Kenny"]
[Black "Oteri, Aldo"]
[WhiteElo "2361"]
[BlackElo "1774"]
[Result "1-0"]
[PlyCount "73"]
[EventDate "2013.11.22"]

1. d4 Nf6 2. c4 d6 3. Nf3 g6 4. Nc3 Bg7 5. e4 O-O 6. h3 Nbd7 7. Be3 e5 8. d5
Re8 9. g4 Nc5 10. Nd2 a5 11. Be2 Nfd7 12. h4 h6 13. h5 g5 14. Nf1 Nf6 15. Ng3
Bd7 16. b3 c6 17. f3 cxd5 18. cxd5 Qb6 19. O-O Qb4 20. Qd2 a4 21. a3 Nxb3 22.
axb4 Nxd2 23. Bxd2 Rec8 24. Ra2 Ne8 25. Rfa1 Nc7 26. b5 Bf8 27. Ra3 Kh7 28. Kf1
b6 29. Be3 Rab8 30. Ke1 Rb7 31. Rxa4 Rcb8 32. Ra7 Kg7 33. Nf1 f6 34. Nd2 Be8
35. Bxb6 Rxb6 36. Rxc7+ Kg8 37. Raa7 1-0

[Event "II Festival A"]
[Site "Fano ITA"]
[Date "2013.07.29"]
[Round "1"]
[White "Angelini, Marco"]
[Black "Coppola, Federico"]
[WhiteElo "2265"]
[BlackElo "1957"]
[Result "1-0"]
[PlyCount "61"]
[EventDate "2013.07.29"]

1. e4 c5 2. Nf3 d6 3. d4 cxd4 4. Nxd4 Nf6 5. Nc3 Nc6 6. g3 g6 7. Bg2 Bg7 8.
Nxc6 bxc6 9. e5 dxe5 10. Qxd8+ Kxd8 11. Bxc6 Rb8 12. O-O Kc7 13. Bg2 Bb7 14.
Re1 Nd7 15. Nb5+ Kb6 16. Bf1 a6 17. Be3+ Kc6 18. Nc3 Kc7 19. a4 h5 20. h4 Bc6
21. Bxa6 Rxb2 22. Nb5+ Bxb5 23. Bxb5 e4 24. c4 Ne5 25. Red1 Rc8 26. a5 Kb8 27.
a6 Ka8 28. Rab1 Rxb1 29. Rxb1 Nxc4 30. Rc1 Nd6 31. Bc6+ 1-0

[Event "II Festival A"]
[Site "Fano ITA"]
[Date "2013.07.29"]
[Round "1"]
[White "Bonafede, Alessandro"]
[Black "Der Manuelian, Haik O."]
[WhiteElo "2380"]
[BlackElo "2007"]
[Result "1-0"]
[PlyCount "75"]
[EventDate "2013.07.29"]

1. e4 c5 2. b4 cxb4 3. a3 d5 4. exd5 Qxd5 5. Nf3 Bg4 6. axb4 Bxf3 7. Qxf3 Qxf3
8. gxf3 e6 9. Bb2 Nf6 10. Rg1 Bxb4 11. Rxg7 Nbd7 12. Nc3 Kf8 13. Rg5 b6 14. Bb5
h6 15. Rg1 Ne5 16. Ke2 Rg8 17. Rxg8+ Kxg8 18. Ne4 Nxe4 19. fxe4 Ng6 20. d4 Rc8
21. c4 a5 22. e5 Ne7 23. Ke3 Kh7 24. Rg1 Ra8 25. Ke4 a4 26. Ba1 a3 27. Rb1 Bd2
28. d5 Rg8 29. d6 Nf5 30. Rb3 Bc1 31. f4 Rg4 32. d7 Bxf4 33. Kf3 h5 34. d8=Q
Nh4+ 35. Ke2 Rg2+ 36. Kf1 Rxh2 37. Bc6 a2 38. Qf6 1-0

[Event "II Festival A"]
[Site "Fano ITA"]
[Date "2013.07.29"]
[Round "1"]
[White "Bonagura, Stefano"]
[Black "Banusz, Tamas"]
[WhiteElo "2165"]
[BlackElo "2588"]
[Result "0-1"]
[PlyCount "64"]
[EventDate "2013.07.29"]

1. c4 e6 2. g3 d5 3. Bg2 Nf6 4. Nf3 d4 5. O-O c5 6. e3 Nc6 7. exd4 cxd4 8. Re1
Bd6 9. d3 O-O 10. a3 a5 11. Nbd2 h6 12. Qc2 Re8 13. Rb1 a4 14. c5 Bf8 15. b4
axb3 16. Nxb3 e5 17. Nfd2 Bf5 18. Ne4 Nxe4 19. Bxe4 Bxe4 20. Rxe4 Qd5 21. Nd2
Qxc5 22. Qxc5 Bxc5 23. Rxb7 Bxa3 24. Bxa3 Rxa3 25. Nc4 Rxd3 26. Nd6 Rf8 27. Rc7
Rc3 28. Nf5 g6 29. Nxh6+ Kg7 30. Ng4 d3 31. Ne3 d2 32. Rd7 Rd8 0-1

[Event "II Festival A"]
[Site "Fano ITA"]
[Date "2013.07.29"]
[Round "1"]
[White "Brancaleoni, Maurizio"]
[Black "Difronzo, Andrea"]
[WhiteElo "2248"]
[BlackElo "1943"]
[Result "1-0"]
[PlyCount "73"]
[EventDate "2013.07.29"]

1. Nf3 c5 2. c4 Nc6 3. Nc3 g6 4. e3 Bg7 5. d4 cxd4 6. exd4 d6 7. Be2 Bf5 8. O-O
Rc8 9. Be3 a6 10. Rc1 Qa5 11. d5 Ne5 12. Nxe5 Bxe5 13. Qb3 Qc7 14. Na4 Bd7 15.
Nb6 Rd8 16. h3 Qb8 17. Nxd7 Rxd7 18. f4 Bg7 19. c5 dxc5 20. Bxa6 Nf6 21. Bb5
O-O 22. Bxd7 Nxd7 23. Qb5 Qd6 24. Rfd1 b6 25. b4 Ra8 26. bxc5 bxc5 27. a4 Rb8
28. Qc6 Rb6 29. Qc8+ Bf8 30. Bxc5 Nxc5 31. Qxc5 Qb8 32. Qc7 Qxc7 33. Rxc7 Rb4
34. a5 Ra4 35. Ra7 Rxf4 36. Ra1 h5 37. Ra8 1-0